000 00609nam a2200181Ia 4500
003 GCL
005 20240530104526.0
008 140319s9999 xx 000 0 ara d
040 _aGCL /
_cGCL
082 0 4 _a371.897
_bم ت
100 1 _aمحمود ادهم
245 1 0 _aالتعريف بالصحافة المدرسية :
_cمحمود ادهم
_b ماهيتها , قصتها , خصائصها , وظائفها , انواعها /
300 _a471 ص
490 _aدراسات فى الاعلام
_v0
650 0 4 _aوسائل الاعلام
650 0 4 _aالصحافة المدرسية
942 _2ddc
_cBK
999 _c48344
_d48344